000 00288nam a2200109Ia 4500
008 200302s9999 xx 000 0 und d
100 _aHenry Skates
245 _aBuilding your own sustainable and energy efficient house
260 _bThe crowood Press Ltd.
260 _c2011
300 _a191
999 _c6745
_d6745